Looking into my body / (Record no. 102561)
[ view plain ]
| 000 -LEADER | |
|---|---|
| fixed length control field | 00721nam a2200193 a 4500 |
| 005 - DATE AND TIME OF LATEST TRANSACTION | |
| control field | 20140412111238.0 |
| 008 - FIXED-LENGTH DATA ELEMENTS--GENERAL INFORMATION | |
| fixed length control field | 010710s19uu xx 00 eng d |
| 020 ## - INTERNATIONAL STANDARD BOOK NUMBER | |
| International Standard Book Number | 1-57584-034-0 |
| 050 ## - LIBRARY OF CONGRESS CALL NUMBER | |
| Classification number | M 611 |
| Item number | N424 1996 |
| 100 ## - MAIN ENTRY--PERSONAL NAME | |
| Personal name | Nigel, Nelson |
| 245 ## - TITLE STATEMENT | |
| Title | Looking into my body / |
| Statement of responsibility, etc | written by Nigel Nelson; illustrations by Simone Abel. |
| 260 ## - PUBLICATION, DISTRIBUTION, ETC. (IMPRINT) | |
| Name of publisher, distributor, etc | Joshua Morris Publishing, Inc, |
| Date of publication, distribution, etc | 1996. |
| 300 ## - PHYSICAL DESCRIPTION | |
| Extent | 1v. (unp.) ; ill. |
| 440 ## - SERIES STATEMENT/ADDED ENTRY--TITLE | |
| Title | Reader's Digest |
| 520 ## - SUMMARY, ETC. | |
| Summary, etc | Looking Into. . . My Body features simple, scientifically correct illustrations on specially designed "see;-through" windows that reveal tha amazing workings of the human body. |
| 650 ## - SUBJECT ADDED ENTRY--TOPICAL TERM | |
| Topical term or geographic name as entry element | Body-Juvenile literature |
| 650 ## - SUBJECT ADDED ENTRY--TOPICAL TERM | |
| Topical term or geographic name as entry element | |
| Withdrawn status | Lost status | Damaged status | Use restrictions | Home library | Current library | Shelving location | Date acquired | Source of acquisition | Cost, normal purchase price | Total Checkouts | Full call number | Barcode | Date last seen | Price effective from | Koha item type |
|---|---|---|---|---|---|---|---|---|---|---|---|---|---|---|---|
| Elizalde Library | Elizalde Library | Main Section | 07/10/2001 | 224.75 | M 611 N424 1996 | E2049 | 04/12/2014 | 04/12/2014 | Books |